000 00323nam a22001337a 4500
008 211018b ||||| |||| 00| 0 eng d
020 _a9780697259042
041 _aeng
080 _2615.83
_a615.83
_
100 _a8
101 _aEGZ
245 _aPhysiological Basis for Exercise and Sport
_cFoss,M.L
942 _2udc
_cBK
999 _c58248
_d58248